| 000 | 01122cam a22002894a 4500 | ||
|---|---|---|---|
| 001 | 12145726 | ||
| 003 | OSt | ||
| 005 | 20240704142153.0 | ||
| 008 | 000817s2001 maua f 001 0 eng | ||
| 010 | _a 00064639 | ||
| 020 | _a0750672692 (pbk. : alk. paper) | ||
| 040 | _cmust | ||
| 042 | _apcc | ||
| 050 | 0 | 0 |
_aTK9965 _b.S5443 2001 |
| 082 | 0 | 0 |
_a621.381 SIN 2001 _221 |
| 100 | 1 |
_aSingmin, Andrew, _d1945- _918443 |
|
| 245 | 1 | 0 |
_aBeginning digital electronics through projects / _cAndrew Singmin. |
| 260 |
_aBoston, MA : _bNewnes, _cc2001. |
||
| 300 |
_axiii, 205 p. : _bill. ; _c24 cm. |
||
| 500 | _aIncludes index. | ||
| 650 | 0 |
_aDigital electronics _vAmateurs' manuals. _918444 |
|
| 856 | 4 | 2 |
_3Publisher description _uhttp://www.loc.gov/catdir/description/els031/00064639.html |
| 856 | 4 | 1 |
_3Table of contents _uhttp://www.loc.gov/catdir/toc/els031/00064639.html |
| 906 |
_a7 _bcbc _corignew _d1 _eocip _f20 _gy-gencatlg |
||
| 942 |
_2ddc _cO_SHELF |
||
| 999 |
_c9068 _d9068 |
||